Tilastot visalle Yleistieto #54

Klikkaa tästä pelataksesi tätä visaa!

Yleistilastot

  • Tätä visaa on pelattu 337 kertaa
  • Keskiarvotulos 6 / 13

Vastaustilastot

VinkkiVastaus% Oikein
Minkä kaupungin kaupunginosia ovat Korso ja Myyrmäki?Vantaan
89%
Mikä on Suomen pisin joki?Kemijoki
79%
Mikä oli Irlannin rahayksikkö ennen euroa?Irlannin punta
67%
Missä tv-saippuassa seikkailee Eric Forester?Kauniit ja rohkeat
65%
Kenen hitti on "Villejä lupiineja"?J.Karjalaisen
61%
Missä kaupungissa on Hagia Sofia?Istanbulissa
44%
Minkä maan kylpylöitä/-kulttuuria kutsutaan nimellä 'jimjilbang'?(Etelä)Korean
41%
Kuka on kirjoittanut kappaleen "Myrskyluodon Maija?Lasse Mårtenson
40%
Mikä on Afrikan toiseksi suurin aavikko?Kalahari
39%
Mistä maasta Daft Punk on kotoisin?Ranskasta
30%
Mikä on Venäjän korkein vuori?Elbrus
21%
Kuka on kirjoittanut hittikappaleen "I Will Always Love You"?Dolly Parton
16%
Kuka on maalannut taulun "Tyttö ja Helmikorvakoru"?Johannes Vermeer
10%

Tulosjakauma

Persentiili vastausten määrän mukaan

Jokaisen tuloksen saaneiden osuus

Tuloshistoriasi

Et ole pelannut tätä visaa